LEADER 00956nam0-22003011i-450- 001 990001829100403321 005 20021010 035 $a000182910 035 $aFED01000182910 035 $a(Aleph)000182910FED01 035 $a000182910 100 $a20021010d--------km-y0itay50------ba 101 0 $aita 200 1 $a<>sordomutismo considerato nella sua patogenesi e nella sua profilassi$edoveri sociali verso gli anormali$fVincenzoCozzolino. 210 $aNapoli$c...$d1908. 215 $a19 p.$d23 cm 300 $aEstr. da: Giornale internazionale delle scienze mediche, 30(1908) 610 0 $aUdito 676 $a612.85 700 1$aCozzolino,$bVincenzo$07655 801 0$aIT$bUNINA$gRICA$2UNIMARC 901 $aBK 912 $a990001829100403321 952 $a60 DONO COMES 28/7$b38543$fFAGBC 959 $aFAGBC 996 $aSordomutismo considerato nella sua patogenesi e nella sua profilassi$9411685 997 $aUNINA DB $aING01 LEADER 00746nam0-22003011i-450- 001 990003269120403321 005 20001010 035 $a000326912 035 $aFED01000326912 035 $a(Aleph)000326912FED01 035 $a000326912 100 $a20000920d1937----km-y0itay50------ba 101 0 $aita 105 $ay-------001yy 200 1 $aDALLE PALUDI A LITTONIA 210 $aMilano$cBompiani$d1937 215 $app. 326 610 0 $aLazio 676 $a074.009 700 1$aRossetti,$bVincenzo$0130049 801 0$aIT$bUNINA$gRICA$2UNIMARC 901 $aBK 912 $a990003269120403321 952 $a074.009.ROS$b20642$fDECGE 959 $aDECGE 996 $aDALLE PALUDI A LITTONIA$9450636 997 $aUNINA DB $aING01